书目信息 |
| 题名: |
实用化学手册
|
|
| 作者: | 张向宇 编 | |
| 分册: | ||
| 出版信息: | 北京 国防工业出版社 1986 |
|
| 页数: | 1440页 | |
| 开本: | 19cm | |
| 丛书名: | ||
| 单 册: | ||
| 中图分类: | O6-62 | |
| 科图分类: | ||
| 主题词: | 化学--手册 | |
| 电子资源: | ||
| ISBN: | ||
| 000 | 00671nam0 2200253 45 | |
| 001 | 0186010155 | |
| 005 | 20040927090252.5 | |
| 010 | @b精装@dCNY11.00 | |
| 091 | @a15034.2692 | |
| 100 | @a19900818d1986 emky0chiy0121 ea | |
| 101 | 0 | @achi |
| 102 | @aCN@b110000 | |
| 105 | @ay z 001yy | |
| 106 | @ar | |
| 200 | 10 | @a实用化学手册@Ashi yong hua xue shou ce@f张向宇编 |
| 210 | @a北京@c国防工业出版社@d1986 | |
| 215 | @a1440页@d19cm | |
| 517 | 1 | @a化学手册@Ahua xue shou ce |
| 606 | @a化学@x手册 | |
| 690 | @aO6-62@v3 | |
| 701 | 0 | @a张向宇@Azhang xiang yu@4编 |
| 801 | 0 | @aCN@b深圳图书馆@c20040924 |
| 801 | 2 | @aCN@bNLC@c20040924 |
| 905 | @dO6-62@e181@f1@b157197 | |
| 实用化学手册/张向宇编.-北京:国防工业出版社,1986 |
| 1440页;19cm |
| ISBN (精装):CNY11.00 |
| ● |
| 相关链接 |
|
|
|
|
正题名:实用化学手册
索取号:O6-62/181
 
预约/预借
| 序号 | 登录号 | 条形码 | 馆藏地/架位号 | 状态 | 备注 |
| 1 | 0157196 | 000556384 | 工具书阅览室/ [索取号:O6-62/181] | 在馆 | |
| 2 | 0157197 | 001963655 | 工具书阅览室/ [索取号:O6-62/181] | 在馆 | |
| 3 | 0157198 | 202097756 | 第二样本阅览室/ [索取号:O6-62/181] | 在馆 |